| 000 | 00560 a2200265 4500 | ||
|---|---|---|---|
| 260 | _aParis | ||
| 630 | _a57 - Biologie | ||
| 037 | _b2, CUIF | ||
| 650 | _a5 - SCIENCES EXACTES ET NATURELLES | ||
| 100 | _aWeil, Jacques-Henry | ||
| 260 | _bDunod | ||
| 245 | _aBiochimie générale | ||
| 300 | _a655p. | ||
| 650 | _aBiochimie | ||
| 260 | _c2001 | ||
| 300 | _b25 cm. | ||
| 100 | _lFr | ||
| 440 | _aSciences sup. | ||
| 037 | _aS 7472 | ||
| 037 | _aS 7473 | ||
| 250 | _a9ème éd. | ||
| 020 | _a2 10 005345 0 | ||
| 999 |
_c33477 _d33477 |
||